00269nam a2200109Ia 4500008004100000100001400041245005300055260001300108650001400121942000700135999001700142190216s9999||||xx |||||||||||||| ||und|| aSakkariya 0aMalayalam-Oru Nasrani Yuvavum Gouli Shashthravum bDc Books aMalayalam cBK c26055d26055